Statistics for 上海市县级行政区划

Click here to take the quiz!

General Stats

  • This quiz has been taken 218 times
  • The average score is 13 of 16

Answer Stats

HintAnswer% Correct
浦东新区
99%
崇明区
92%
上海市黄浦区
88%
金山区
87%
青浦区
87%
闵行区
86%
静安区
85%
松江区
85%
徐汇区
84%
嘉定区
83%
杨浦区
82%
宝山区
82%
奉贤区
82%
虹口区
77%
长宁区
75%
普陀区
73%

Score Distribution

Percentile by Number Answered

Percent of People with Each Score

Your Score History

You have not taken this quiz